MARC

LEADER 00000nam0a2200000 4500
001 209777
005 20231031191854.0
035 |a (RuTPU)RU\TPU\book\229122 
090 |a 209777 
100 |a 20120215d1971 m y0rusy50 ca 
101 0 |a rus 
102 |a RU 
105 |a y z 001zy 
200 1 |a Социальная ценность права в советском обществе  |f С. С. Алексеев 
210 |a Москва  |c Юридическая литература  |d 1971 
215 |a 222 с. 
320 |a Библиогр. в примеч. 
610 1 |a советское общество 
610 1 |a право 
610 1 |a общественное развитие 
610 1 |a общественные отношения 
610 1 |a регулирование 
675 |a 34С  |v 3 
700 1 |a Алексеев  |b С. С.  |g Сергей Сергеевич 
801 1 |a RU  |b 63413507  |c 20120215 
801 2 |a RU  |b 63413507  |c 20121009  |g RCR 
942 |c BK